Impacto da queima de vegetação do Cerrado sobre fungos habitantes do solo (Registro n. 299035)
[ somente texto ]
| 000 -LÍDER | |
|---|---|
| fixed length control field | 04275nab a2200325 i 4500 |
| 003 - CÓDIGO MARC DA AGÊNCIA CATALOGADORA | |
| Campo de controle | BR-BrBNA |
| 005 - DATA E HORA DA ÚLTIMA ATUALIZAÇÃO | |
| Campo de controle | 20240402140159.0 |
| 008 - CAMPO DE TAMANHO FIXO | |
| fixed length control field | 240402b2019 bl.qr|pooa||| 00| 0 por | |
| 040 ## - FONTE DA CATALOGAÇÃO | |
| Agência catalogadora | BR-BrBNA |
| Idioma da catalogação | por |
| 072 ## - CATEGORIA AGRIS | |
| Código AGRIS | P34 |
| Código do objeto | 3490 |
| 072 ## - CATEGORIA AGRIS | |
| Código AGRIS | F07 |
| 072 ## - CATEGORIA AGRIS | |
| Código AGRIS | K70 |
| 100 ## - ENTRADA PRINCIPAL - NOME PESSOAL | |
| Nome pessoal | Sousa, Rosângela Ribeiro de |
| 100 ## - ENTRADA PRINCIPAL - NOME PESSOAL | |
| Nome pessoal | Leão, Evelynne Urzêdo |
| 100 ## - ENTRADA PRINCIPAL - NOME PESSOAL | |
| Nome pessoal | Veloso, Ronice Alves |
| 100 ## - ENTRADA PRINCIPAL - NOME PESSOAL | |
| Nome pessoal | Giongo, Marcos |
| 100 ## - ENTRADA PRINCIPAL - NOME PESSOAL | |
| Nome pessoal | Santos, Gil Rodrigues dos |
| 245 ## - TÍTULO PRINCIPAL | |
| Título principal | Impacto da queima de vegetação do Cerrado sobre fungos habitantes do solo |
| 500 ## - NOTA GERAL | |
| Nota geral | Publicação on-line; 28 ref.; 1 table; 2 illus.; Summaries (En, Pt) |
| 942 ## - ADDED ENTRY ELEMENTS (KOHA) | |
| Koha item type | |
| 520 ## - NOTA DE RESUMO | |
| Nota de conteúdo | <br/><br/>Resumo<br/><br/>Existem poucos estudos relacionados ao impacto de queimadas sobre os fungos habitantes do solo presente<br/>no cerrado. Objetivou-se com este trabalho identificar a micoflora presente em amostras de solos, antes<br/>e após o processo de queimada em duas profundidades, observando a interferência deste processo na<br/>população de fungos habitantes do solo. As amostras foram coletadas em uma área, no município de Jaú do<br/>Tocantins, Estado do Tocantins. Foram instalados bioensaios em delineamento experimental inteiramente<br/>casualizado, com quatro repetições e cinco tratamentos, representados por diferentes concentrações de<br/>solução do solo. A identificação dos fungos foi feita, em nível de gênero, de acordo com suas estruturas<br/>morfológicas formadas em meio de cultura, através de observações em microscópio ótico. Na área antes<br/>da queimada, observou-se a presença de maior diversidade de gêneros e quantidade de colônias fúngicas.<br/>O contrário foi constatado na área posteriormente submetida à queimada, que apresentou menor número<br/>de colônias fúngicas. Dos gêneros identificados, destacaram-se Aspergillus, Penicillium, Cladosporium,<br/>Fusarium, Mucor, Pythium e Trichoderma, que apresentaram maior número de colônias em quantidades<br/>representativas. Observou-se ainda uma redução em torno de 45% na população de fungos antagonistas. Foi<br/>possível constatar que o uso do fogo na vegetação influenciou negativamente as populações microbianas<br/>presentes nas camadas mais superficiais do solo de cerrado.<br/><br/>Palavras-chave: Microrganismos; Micoflora; Efeito do fogo |
| 520 ## - NOTA DE RESUMO | |
| Nota de conteúdo | <br/><br/>Abstract<br/><br/>There are few studies related to the impact of burnings on soil fungi present in the cerrado. The aim<br/>of this work was identify the mycoflora in cerrado soil samples before and after burning process at two<br/>depths; observing the interference of this process in the fungi soil inhabitants population. The samples<br/>were collected in area, in the municipality of Jaú do Tocantins, State of Tocantins. Bioassays were installed<br/>in a completely randomized experimental design, with four replicates and five treatments, represented<br/>by different concentrations of soil solution. The identification of the fungi was made at the genus level<br/>according to their morphological structures formed in culture medium through optical microscope<br/>observations. In the before burning area we observed greatest diversity of genera and fungi colonies. The<br/>opposite was found in the area subsequently submitted to the burning process, showing minor fungal<br/>colonies. Among the genera identified, Aspergillus, Penicillium, Cladosporium, Fusarium, Mucor, Pythium and<br/>Trichoderma were the most representative colonies. We observed a reduction of 45% approximately in<br/>the population of antagonistic fungi. It was found that the use of fire in vegetation negatively influenced<br/>microbial populations present in the surface layers of cerrado soil.<br/><br/>Keywords: Microorganisms; Mycoflora; Fire effect |
| 650 ## - ASSUNTO - THESAGRO | |
| Cabeçalho tópico ou nome geográfico | MICRORGANISMO |
| 650 ## - ASSUNTO - THESAGRO | |
| Cabeçalho tópico ou nome geográfico | SOLO |
| 650 ## - ASSUNTO - THESAGRO | |
| Cabeçalho tópico ou nome geográfico | QUEIMADA |
| 650 ## - ASSUNTO - THESAGRO | |
| Cabeçalho tópico ou nome geográfico | FUNGO |
| 773 0# - ENTRADA ANALÍTICA | |
| Host Biblionumber | 4065 |
| Registro do item | 313933 |
| Imprenta | Santa Maria-RS Universidade Federal de Santa Maria - Centro de Pesquisas Florestais.Departamento de Ciências Florestais. Programa de Pós-Graduação em Engenharia Florestal 1991 |
| Outro identificador | 2024-0204 |
| Título | Ciência Florestal (Brazil) |
| ISSN | 0103-9954; 1980-5098 (on-line) |
| Colação | v. 29(2) p. 965-974; (Apr-Jun 2019) |
| Número de controle de registro | BR2023001654 |
| 856 ## - ACESSO E ENDEREÇO ELETRÔNICO | |
| Identificador uniforme de recurso - URI | https://www.scielo.br/j/cflo/a/gtnCrFdFMcgpHgdd5KkhNLD/?format=pdf&lang=pt |
Nenhum exemplar disponível.

BINAGRI